Immature insects (Registro nro. 1578)
[ vista simple ]
| 000 -CABECERA | |
|---|---|
| Campo de control | 00512nam a2200193 a 4500 |
| 005 - FECHA Y HORA DE LA ULTIMA TRANSACCION | |
| Campo de control | 20140228172428.0 |
| 008 - ELEMENTOS DE LONGITUD FIJA—INFORMACION GENERAL | |
| Campo de control | 140228b1987 -Us||||| |||| 00| 0 eng d |
| 041 ## - IDIOMA | |
| Código de idioma para texto/pista de sonido o título separado | Inglés |
| 044 ## - PAÍS DE PUBLICACIÓN | |
| País de publicación | Estados Unidos |
| 090 ## - CLASIFICACIÓN LOCAL | |
| Colección | LB |
| Consecutivo | 01571 |
| 100 ## - ASIENTO PRINCIPAL--NOMBRE PERSONAL | |
| Nombre personal | Stehr, Frederick W. |
| 245 ## - MENCION DE TITULO | |
| Título | Immature insects |
| 260 ## - PUBLICACION, DISTRIBUCION, ETC. (PIE DE IMPRENTA) | |
| Lugar de publicación, distribución, etc. | Dubuque |
| Nombre del editor, distribuidor, etc. | Kendall |
| -- | Hunt Publishing Company |
| Fecha de publicación, distribución, etc. | 1987 |
| 300 ## - DESCRIPCION FISICA | |
| Extensión | 2 vol. |
| 650 ## - ASIENTO SECUNDARIO DE MATERIA - TERMINO TEMATICO | |
| Término temático o nombre geográfico como elemento de entrada | Insectos |
| 650 ## - ASIENTO SECUNDARIO DE MATERIA - TERMINO TEMATICO | |
| Término temático o nombre geográfico como elemento de entrada | Estados larvales |
| 650 ## - ASIENTO SECUNDARIO DE MATERIA - TERMINO TEMATICO | |
| Término temático o nombre geográfico como elemento de entrada | Descripciones taxonómicas |
| 942 ## - ELEMENTOS ADICIONALES (KOHA) | |
| Tipo de ítem | Impreso |
| Sistema de clasificación | Local |
| Withdrawn status | Lost status | Sistema de Clasificación | Damaged status | No para préstamo | Colección | Inventariado | Ubicación Permanente | Ubicación actual | Fecha de adquisición | Fuente de Valor | Total Checkouts | Número topográfico | Inventario / Código de Barras | Date last seen | Ejemplar | Price effective from | Forma de adquisición | Tipo de material |
|---|---|---|---|---|---|---|---|---|---|---|---|---|---|---|---|---|---|---|
| Local | Entomología | Inventariado 2017 | Villa de Leyva | Villa de Leyva | 09/04/2000 | Amazon | LB-01571 | 002167 | 23/10/2017 | V. 1 Ej. 1 | 04/12/2012 | Libro | ||||||
| Local | Entomología | Inventariado 2017 | Villa de Leyva | Villa de Leyva | 09/04/2000 | Amazon | LB-01571 | 002168 | 23/10/2017 | V. 2 Ej. 1 | 04/12/2012 | Libro |